INTEREST RATE DERIVATIVES VALUATION CALI (Record no. 30561)

MARC details
000 -LEADER
fixed length control field 00343nam a2200133Ia 4500
008 - FIXED-LENGTH DATA ELEMENTS--GENERAL INFORMATION
fixed length control field 240624s9999 xx 000 0 und d
041 ## - LANGUAGE CODE
Language code of text/sound track or separate title eng
082 ## - DEWEY DECIMAL CLASSIFICATION NUMBER
Classification number 332.6457 BEY
100 ## - MAIN ENTRY--PERSONAL NAME
Personal name BEYNA INGO
245 ## - TITLE STATEMENT
Title INTEREST RATE DERIVATIVES VALUATION CALI
260 ## - PUBLICATION, DISTRIBUTION, ETC.
Date of publication, distribution, etc. 2013
Place of publication, distribution, etc. London
Name of publisher, distributor, etc. Springer
300 ## - PHYSICAL DESCRIPTION
Extent xviii, 209 p.; 23 cm.
365 ## - TRADE PRICE
Currency code ERU
Price amount 38
Holdings
Withdrawn status Lost status Damaged status Not for loan Home library Current library Shelving location Date acquired Cost, normal purchase price Full call number Barcode Date last seen Copy number Price effective from Koha item type
        IMTN IMTN Rack 12-B 04/17/2018 69.95 332.6457 BEY 30561 06/24/2024 83.8 06/24/2024 Books
Designed & Maintained by: LRC IMT Nagpur Contact: lrc@imtnag.ac.in© 2024. All Rights Reserved.